[Event "European Championship (blitz) 2015"]
[Site "Minsk BLR"]
[Date "2015.12.18"]
[Round "2"]
[White "Khrapko, Marharyta"]
[Black "Gunina, Valentina"]
[Result "0-1"]
[WhiteElo "1888"]
[BlackElo "2502"]
[PlyCount "50"]
[EventDate "2015.12.18"]

1. e4 c5 2. Nf3 e6 3. d4 cxd4 4. Nxd4 Nf6 5. Nc3 Nc6 6. Ndb5 Bb4 7. a3 Bxc3+ 8.
Nxc3 d5 9. exd5 exd5 10. Bd3 O-O 11. O-O d4 12. Ne4 Bf5 13. Bg5 Bxe4 14. Bxe4
h6 15. Bxf6 Qxf6 16. Qf3 Qxf3 17. Bxf3 Ne5 18. Be4 Rac8 19. Rad1 Rfd8 20. Bxb7
Rxc2 21. b4 d3 22. Rfe1 f6 23. Be4 Rc3 24. a4 d2 25. Re2 Rc1 0-1

[Event "European Championship (blitz) 2015"]
[Site "Minsk BLR"]
[Date "2015.12.18"]
[Round "5"]
[White "Gunina, Valentina"]
[Black "Nozdrachev, Leonid"]
[Result "1-0"]
[WhiteElo "2502"]
[BlackElo "2413"]
[PlyCount "77"]
[EventDate "2015.12.18"]

1. d4 Nf6 2. c4 g6 3. Nc3 Bg7 4. e4 d6 5. f3 Nc6 6. Nge2 Bd7 7. Be3 a6 8. Qd2
h5 9. d5 Ne5 10. b3 b5 11. Nd4 bxc4 12. bxc4 c5 13. Nb3 Rb8 14. Be2 Rb4 15. O-O
Nxc4 16. Bxc4 Rxc4 17. Rac1 h4 18. Qd3 Rb4 19. e5 Bf5 20. Qxa6 Nd7 21. exd6
exd6 22. Qxd6 Be5 23. Qc6 O-O 24. Nxc5 Nb8 25. Qa8 Qd6 26. N3e4 Bxh2+ 27. Kh1
Qe5 28. f4 Qe7 29. d6 Qd8 30. Kxh2 Bxe4 31. Nxe4 Re8 32. d7 Nxd7 33. Qxd8 Rxd8
34. Ng5 Nf6 35. Kh3 Rd3 36. Rf3 Ra4 37. f5 Raa3 38. Bd4 Nd5 39. Rc8# 1-0

[Event "European Championship (blitz) 2015"]
[Site "Minsk BLR"]
[Date "2015.12.18"]
[Round "6"]
[White "Nozdrachev, Leonid"]
[Black "Gunina, Valentina"]
[Result "1-0"]
[WhiteElo "2413"]
[BlackElo "2502"]
[PlyCount "71"]
[EventDate "2015.12.18"]

1. e4 c5 2. c3 e6 3. d4 Nf6 4. e5 Nd5 5. Nf3 cxd4 6. cxd4 Nc6 7. Bc4 Be7 8. O-O
Nb6 9. Bb3 d6 10. exd6 Bxd6 11. Nc3 O-O 12. Re1 Ne7 13. Bg5 h6 14. Bh4 Qe8 15.
d5 Nf5 16. dxe6 Bxe6 17. Nd4 Nxh4 18. Nxe6 Qc6 19. Qg4 fxe6 20. Rxe6 Kh8 21.
Qxh4 Qc7 22. Nb5 Bxh2+ 23. Qxh2 Qxh2+ 24. Kxh2 Rxf2 25. Rc1 Rxb2 26. Rc7 Rf8
27. Rg6 Rf5 28. Rgxg7 Rh5+ 29. Kg3 Rxb3+ 30. axb3 Rxb5 31. Rge7 Rg5+ 32. Kf3
Rf5+ 33. Ke4 Rg5 34. Re8+ Rg8 35. Rxg8+ Kxg8 36. Rxb7 1-0

[Event "European Championship (blitz) 2015"]
[Site "Minsk BLR"]
[Date "2015.12.18"]
[Round "9"]
[White "Gunina, Valentina"]
[Black "Faizrakhmanov, Ramil"]
[Result "1-0"]
[WhiteElo "2502"]
[BlackElo "2426"]
[PlyCount "77"]
[EventDate "2015.12.18"]

1. d4 Nf6 2. c4 g6 3. Nc3 d5 4. cxd5 Nxd5 5. g3 Bg7 6. Bg2 Nb6 7. e3 O-O 8.
Nge2 Na6 9. O-O c5 10. d5 c4 11. e4 Nc5 12. Be3 Nd3 13. Qd2 e6 14. Bg5 f6 15.
Be3 exd5 16. exd5 Bg4 17. Nd4 Qd7 18. f3 Bh3 19. Bxh3 Qxh3 20. Ne6 Nxd5 21.
Nxf8 Nxe3 22. Qxe3 Rxf8 23. b3 f5 24. Qe6+ Kh8 25. Qxc4 f4 26. g4 Ne5 27. Qe4
Nxg4 28. fxg4 Bxc3 29. Rxf4 Rd8 30. Raf1 Bg7 31. Kh1 b6 32. Qe7 Rg8 33. Rf7 Qd3
34. Kg2 Qc2+ 35. Kg3 Qd3+ 36. R1f3 Qd4 37. Qd7 Be5+ 38. Kg2 Qb2+ 39. Rf2 1-0

[Event "European Championship (blitz) 2015"]
[Site "Minsk BLR"]
[Date "2015.12.18"]
[Round "10"]
[White "Faizrakhmanov, Ramil"]
[Black "Gunina, Valentina"]
[Result "1/2-1/2"]
[WhiteElo "2426"]
[BlackElo "2502"]
[PlyCount "107"]
[EventDate "2015.12.18"]

1. c4 Nf6 2. Nc3 e6 3. Nf3 c5 4. e4 Nc6 5. Be2 d6 6. O-O Be7 7. d4 cxd4 8. Nxd4
O-O 9. Be3 a6 10. Rc1 Bd7 11. Qd2 Rc8 12. f3 Ne5 13. b3 Qc7 14. Rfd1 Rfd8 15.
Kh1 h6 16. Bf1 Be8 17. Qf2 Nfd7 18. Be2 Ng6 19. f4 Ngf8 20. Bg4 Nf6 21. Bh3 Bc6
22. Nxc6 Qxc6 23. Qf3 Ng6 24. g3 Qe8 25. Bg2 Rd7 26. Bb6 h5 27. Rd3 h4 28. Rcd1
Bd8 29. Bf2 hxg3 30. hxg3 Be7 31. g4 e5 32. g5 Nh7 33. Bh3 Nxf4 34. Bxd7 Qxd7
35. Nd5 Nxg5 36. Nxe7+ Qxe7 37. Qg4 f5 38. exf5 Nxd3 39. Rxd3 Nh7 40. f6 Qc7
41. Rxd6 Rf8 42. Qe6+ Qf7 43. fxg7 Qxe6 44. gxf8=Q+ Nxf8 45. Rxe6 Nxe6 46. Kg2
Kf7 47. Kf3 Ng5+ 48. Ke3 Ke6 49. Bg3 Nf7 50. Bh4 Nd6 51. Bd8 Nf5+ 52. Ke4 Nd6+
53. Ke3 Nf5+ 54. Ke4 1/2-1/2

[Event "European Championship (blitz) 2015"]
[Site "Minsk BLR"]
[Date "2015.12.18"]
[Round "13"]
[White "Gunina, Valentina"]
[Black "Zakhartsov, Vladimir"]
[Result "1/2-1/2"]
[WhiteElo "2502"]
[BlackElo "2462"]
[PlyCount "67"]
[EventDate "2015.12.18"]

1. d4 Nf6 2. c4 g6 3. Nc3 d5 4. cxd5 Nxd5 5. g3 Bg7 6. Bg2 Nxc3 7. bxc3 c5 8.
e3 Nc6 9. f4 O-O 10. Nf3 Bf5 11. O-O Be4 12. Qe2 cxd4 13. cxd4 Qd5 14. Ba3 Rfc8
15. Rac1 b6 16. Ng5 Bxg2 17. Qxg2 Qxg2+ 18. Kxg2 e6 19. Ne4 Na5 20. Nd6 Rd8 21.
Rc7 Bf8 22. Nxf7 Rdc8 23. Rxc8 Rxc8 24. Bxf8 Kxf7 25. Bb4 Rc2+ 26. Rf2 Nc4 27.
Kf3 Rc1 28. Bd2 Rc2 29. Be1 Rc1 30. Re2 a5 31. e4 b5 32. g4 Rd1 33. Bf2 a4 34.
f5 1/2-1/2

[Event "European Championship (blitz) 2015"]
[Site "Minsk BLR"]
[Date "2015.12.18"]
[Round "14"]
[White "Zakhartsov, Vladimir"]
[Black "Gunina, Valentina"]
[Result "1/2-1/2"]
[WhiteElo "2462"]
[BlackElo "2502"]
[PlyCount "86"]
[EventDate "2015.12.18"]

1. e4 c6 2. d3 d5 3. Nd2 e5 4. Ngf3 Bd6 5. g3 Bg4 6. Bg2 Ne7 7. O-O O-O 8. c3
Nd7 9. Qc2 f5 10. h3 Bxf3 11. Nxf3 Nf6 12. exf5 Nxf5 13. Re1 Qc7 14. c4 e4 15.
dxe4 dxe4 16. Ng5 Bc5 17. Ne6 Qe5 18. Nxc5 Qxc5 19. Be3 Qe7 20. Bg5 Nd4 21. Qc3
Rad8 22. Kh2 Qe5 23. Bxf6 Qxf6 24. Rxe4 Qxf2 25. Rf1 Nf3+ 26. Kh1 Qxg3 27. Bxf3
Qxh3+ 28. Kg1 Qg3+ 29. Bg2 Rxf1+ 30. Kxf1 Rf8+ 31. Kg1 Qf2+ 32. Kh2 Rf6 33. Re3
Rg6 34. Rg3 Rh6+ 35. Rh3 Rg6 36. Rg3 Rh6+ 37. Rh3 Rg6 38. Rg3 Rh6+ 39. Rh3 Rg6
40. Rg3 Rh6+ 41. Rh3 Rg6 42. Rg3 Rh6+ 43. Rh3 Rg6 1/2-1/2

[Event "European Championship (blitz) 2015"]
[Site "Minsk BLR"]
[Date "2015.12.18"]
[Round "15"]
[White "Rogule, Laura"]
[Black "Gunina, Valentina"]
[Result "0-1"]
[WhiteElo "2289"]
[BlackElo "2502"]
[PlyCount "98"]
[EventDate "2015.12.18"]

1. c4 Nf6 2. d4 e6 3. Nf3 b6 4. g3 Bb4+ 5. Nbd2 Bb7 6. Bg2 O-O 7. O-O d6 8. Nb3
d5 9. c5 bxc5 10. a3 c4 11. axb4 cxb3 12. Qxb3 Nbd7 13. Bf4 c6 14. Rfc1 Qb6 15.
Ra5 Ba6 16. Bf1 Bc4 17. Qa3 Ne4 18. Nd2 Nxd2 19. Bxd2 Qxd4 20. Be3 Qg4 21. f3
Qg6 22. Rxa7 Rxa7 23. Qxa7 Nf6 24. Qb7 Bb5 25. Bc5 Re8 26. Ra1 h5 27. Rc1 e5
28. e3 h4 29. Bxb5 cxb5 30. Kf2 e4 31. f4 hxg3+ 32. hxg3 Qh5 33. Qxb5 d4 34.
exd4 Qh2+ 35. Ke1 e3 36. Qe2 Qg1+ 37. Qf1 Qxg3+ 38. Ke2 Qh2+ 39. Kd3 Qd2+ 40.
Kc4 e2 41. Qe1 Qxb2 42. Rc3 Qa2+ 43. Kd3 Nd5 44. Rc2 Nxf4+ 45. Kd2 Qa3 46. Rc3
Qa2+ 47. Rc2 Qa6 48. Rc3 Ng2 49. b5 Qxb5 0-1

[Event "European Championship (blitz) 2015"]
[Site "Minsk BLR"]
[Date "2015.12.18"]
[Round "16"]
[White "Gunina, Valentina"]
[Black "Rogule, Laura"]
[Result "1-0"]
[WhiteElo "2502"]
[BlackElo "2289"]
[PlyCount "125"]
[EventDate "2015.12.18"]

1. d4 d5 2. c4 e6 3. Nf3 Nf6 4. Nc3 c6 5. e3 Nbd7 6. Qc2 Bd6 7. Be2 O-O 8. O-O
b6 9. e4 dxe4 10. Nxe4 Nxe4 11. Qxe4 Bb7 12. Bd3 Nf6 13. Qh4 c5 14. dxc5 Bxf3
15. cxd6 Qxd6 16. Bc2 Bh5 17. Bg5 Bg6 18. Bxf6 gxf6 19. Rad1 Qe5 20. Bxg6 hxg6
21. b3 Kg7 22. Qd4 Qa5 23. Rd3 Rad8 24. Qxd8 Rxd8 25. Rxd8 Qxa2 26. Rd3 a5 27.
Rfd1 a4 28. bxa4 Qxc4 29. Rd4 Qb3 30. Rc1 e5 31. Rdc4 f5 32. g3 g5 33. h4 f4
34. hxg5 fxg3 35. R1c3 Qd1+ 36. Kg2 gxf2 37. Kxf2 Qd2+ 38. Kf3 Kg6 39. Ke4 Kxg5
40. Kxe5 f6+ 41. Ke6 Qe2+ 42. Kd6 f5 43. Rg3+ Kf6 44. Rc6 Qd2+ 45. Kc7+ Ke5 46.
Rgg6 Qb4 47. Rxb6 Qxa4 48. Rge6+ Kf4 49. Rbc6 Qa7+ 50. Kd6 Kg4 51. Rc4+ f4 52.
Rg6+ Kf3 53. Rc3+ Ke4 54. Re6+ Kf5 55. Re5+ Kg4 56. Rcc5 Qb8+ 57. Kd5 f3 58.
Ke4 Qb4+ 59. Kd3 Qb3+ 60. Kd2 Qb2+ 61. Kd3 Kg3 62. Rg5+ Kf4 63. Rcf5# 1-0

[Event "European Championship (blitz) 2015"]
[Site "Minsk BLR"]
[Date "2015.12.18"]
[Round "17"]
[White "Gunina, Valentina"]
[Black "Bortnyk, Olexandr"]
[Result "0-1"]
[WhiteElo "2502"]
[BlackElo "2552"]
[PlyCount "58"]
[EventDate "2015.12.18"]

1. d4 d6 2. c4 e5 3. Nf3 e4 4. Ng5 f5 5. Nc3 Be7 6. Nh3 Nf6 7. Nf4 c6 8. d5 O-O
9. e3 g5 10. Nh3 h6 11. Be2 Nbd7 12. O-O Ne5 13. b3 c5 14. Kh1 Qe8 15. Ng1 Qg6
16. f3 Bd7 17. f4 Nf7 18. fxg5 hxg5 19. Bb2 Ne5 20. Qe1 Neg4 21. Qg3 f4 22.
exf4 Nh5 23. Qe1 gxf4 24. Bxg4 Bxg4 25. Qxe4 Qh6 26. Nce2 Rae8 27. h3 Bf6 28.
Qc2 Bxe2 29. Bxf6 Bxf1 0-1

[Event "European Championship (blitz) 2015"]
[Site "Minsk BLR"]
[Date "2015.12.18"]
[Round "18"]
[White "Bortnyk, Olexandr"]
[Black "Gunina, Valentina"]
[Result "1-0"]
[WhiteElo "2552"]
[BlackElo "2502"]
[PlyCount "85"]
[EventDate "2015.12.18"]

1. d4 d5 2. Nc3 Nf6 3. Bf4 c6 4. e3 Bg4 5. f3 Bh5 6. g4 Bg6 7. h4 h6 8. Bd3
Bxd3 9. Qxd3 e6 10. Nge2 Nbd7 11. O-O-O Qa5 12. g5 Ng8 13. g6 f6 14. e4 Bb4 15.
exd5 cxd5 16. Qe3 Nf8 17. a3 Bxc3 18. Nxc3 Ne7 19. h5 Nf5 20. Qe2 Rc8 21. Rhe1
a6 22. Qd3 Kd8 23. Bd2 Rc6 24. Ne4 Qc7 25. Nc5 Nxd4 26. Ba5 b6 27. Nxa6 Qf4+
28. Bd2 Qf5 29. Qxf5 Nxf5 30. Nb4 Rd6 31. Bf4 e5 32. Bh2 d4 33. c3 dxc3 34.
bxc3 Ne6 35. f4 e4 36. Rxd6+ Nxd6 37. Rd1 Ke7 38. Nd5+ Kd7 39. f5 Nc5 40. Nxb6+
Kc6 41. Rxd6+ Kb5 42. c4+ Ka5 43. Nd5 1-0

[Event "European Championship (blitz) 2015"]
[Site "Minsk BLR"]
[Date "2015.12.18"]
[Round "19"]
[White "Mirzoev, Emil"]
[Black "Gunina, Valentina"]
[Result "0-1"]
[WhiteElo "2424"]
[BlackElo "2502"]
[PlyCount "114"]
[EventDate "2015.12.18"]

1. d4 d5 2. c4 c6 3. Nc3 Nf6 4. e3 e6 5. Nf3 Nbd7 6. Qc2 Bd6 7. Be2 O-O 8. O-O
b6 9. e4 dxe4 10. Nxe4 Nxe4 11. Qxe4 Bb7 12. Bf4 Nf6 13. Qe3 Ng4 14. Qe4 Nf6
15. Qe3 Ng4 16. Qd2 c5 17. Rad1 cxd4 18. Bxd6 Qxd6 19. Qxd4 Qxd4 20. Rxd4 Nf6
21. Rfd1 Bxf3 22. Bxf3 Rac8 23. b3 e5 24. Rd6 e4 25. Be2 Rfe8 26. R1d4 Kf8 27.
g4 Re5 28. h4 h6 29. Kg2 Ke7 30. Kg3 g5 31. f4 exf3 32. Bxf3 Re6 33. Rxe6+ fxe6
34. Rd1 Rd8 35. Rxd8 Kxd8 36. hxg5 hxg5 37. Kf2 Ke7 38. b4 Kd6 39. Ke3 a5 40.
a3 axb4 41. axb4 Ke5 42. Be2 Ne4 43. Bf3 Nd6 44. Be2 Ne8 45. Bd3 Nc7 46. Be2
Na6 47. c5 Nxb4 48. cxb6 Nd5+ 49. Kf3 Nxb6 50. Bb5 Kd4 51. Bc6 e5 52. Bb7 Nd5
53. Bc8 e4+ 54. Ke2 Nc3+ 55. Kf2 Kd3 56. Bf5 Kd2 57. Kg3 e3 0-1

[Event "European Championship (blitz) 2015"]
[Site "Minsk BLR"]
[Date "2015.12.18"]
[Round "20"]
[White "Gunina, Valentina"]
[Black "Mirzoev, Emil"]
[Result "1-0"]
[WhiteElo "2502"]
[BlackElo "2424"]
[PlyCount "95"]
[EventDate "2015.12.18"]

1. d4 Nf6 2. c4 d6 3. Nf3 g6 4. Nc3 Bf5 5. g3 Bg7 6. Bg2 Nc6 7. O-O O-O 8. d5
Na5 9. Nd4 Bd7 10. Qd3 c5 11. Nf3 a6 12. e4 b5 13. cxb5 axb5 14. e5 Ne8 15. e6
fxe6 16. dxe6 Bc6 17. Ng5 c4 18. Qe2 Bxg2 19. Kxg2 b4 20. Nd5 Nc6 21. Qxc4 Rc8
22. Qh4 h6 23. Nf7 Qa5 24. Rd1 g5 25. Qh5 Nc7 26. Nxc7 Rxc7 27. Qg6 Ne5 28.
Nxh6+ Kh8 29. Qh5 Qa8+ 30. Kh3 Qe4 31. Bxg5 Qh7 32. Rac1 Ra7 33. f4 Ng6 34. Kg4
Ra5 35. Nf7+ Kg8 36. Qxh7+ Kxh7 37. f5 Ne5+ 38. Nxe5 Bxe5 39. Bxe7 Rg8+ 40. Bg5
Rxa2 41. Rc7+ Kh8 42. Kh5 Rxb2 43. h4 Rf2 44. Kh6 Bg7+ 45. Rxg7 Rxg7 46. Bf6
Rxf5 47. Bxg7+ Kg8 48. Rxd6 1-0

[Event "European Championship (blitz) 2015"]
[Site "Minsk BLR"]
[Date "2015.12.18"]
[Round "21"]
[White "Gunina, Valentina"]
[Black "Milov, Vadim"]
[Result "1-0"]
[WhiteElo "2502"]
[BlackElo "2615"]
[PlyCount "72"]
[EventDate "2015.12.18"]

1. d4 Nf6 2. c4 g6 3. Nc3 Bg7 4. e4 d6 5. f3 O-O 6. Nge2 e5 7. d5 c6 8. Be3
cxd5 9. cxd5 Nbd7 10. Qd2 a6 11. g4 h5 12. Bg5 Qe8 13. h3 Nh7 14. Bh4 Bf6 15.
Bxf6 Ndxf6 16. Rg1 Kh8 17. O-O-O Qe7 18. Kb1 Bd7 19. Nc1 h4 20. Qf2 g5 21. Qb6
Bc8 22. Nb3 Nd7 23. Qc7 Nhf6 24. Na4 Ne8 25. Qa5 Rb8 26. Rc1 b6 27. Qb4 Nc5 28.
Naxc5 dxc5 29. Nxc5 a5 30. Qb3 Nd6 31. Nd3 f6 32. Rc6 b5 33. Qa3 Rd8 34. Qxa5
Bd7 35. Rc7 Rdc8 36. Nc5 Qd8 1-0

[Event "European Championship (blitz) 2015"]
[Site "Minsk BLR"]
[Date "2015.12.18"]
[Round "22"]
[White "Milov, Vadim"]
[Black "Gunina, Valentina"]
[Result "1/2-1/2"]
[WhiteElo "2615"]
[BlackElo "2502"]
[PlyCount "95"]
[EventDate "2015.12.18"]

1. d4 d5 2. c4 c6 3. Nf3 Nf6 4. e3 Bf5 5. Nc3 e6 6. Nh4 Bg6 7. Nxg6 hxg6 8. Qb3
Qc7 9. g3 Nbd7 10. Bd2 Nb6 11. c5 Nbd7 12. Qc2 e5 13. b4 Be7 14. Bg2 Nf8 15.
O-O Ne6 16. dxe5 Qxe5 17. h3 Qh5 18. Qd1 Qh7 19. e4 d4 20. Ne2 g5 21. Qb1 g4
22. h4 Nd7 23. Rd1 Ne5 24. Nf4 g5 25. Nxe6 fxe6 26. Qb3 gxh4 27. Qxe6 Nf3+ 28.
Bxf3 gxf3 29. g4 Rg8 30. Kh2 Qf7 31. Qxf7+ Kxf7 32. Kh3 Rg6 33. Bf4 Rag8 34.
Rd3 Rxg4 35. Rxf3 Ke6 36. Rd1 Rg1 37. Rxd4 Rf8 38. Rdd3 Re1 39. e5 Re4 40. Bd2
Rxf3+ 41. Rxf3 Kxe5 42. Rd3 Ke6 43. f4 Re2 44. Kg4 Rg2+ 45. Kh3 Re2 46. Kg4
Rg2+ 47. Kh3 Re2 48. Kg4 1/2-1/2

[Event "European Championship (rapid) 2015"]
[Site "Minsk BLR"]
[Date "2015.12.19"]
[Round "2"]
[White "Narmontas, Raimondas"]
[Black "Gunina, Valentina"]
[Result "0-1"]
[WhiteElo "2010"]
[BlackElo "2502"]
[PlyCount "50"]
[EventDate "2015.12.19"]

1. e4 c6 2. d4 d5 3. f3 e6 4. Nc3 Qb6 5. Nge2 Nf6 6. e5 Nfd7 7. Ng3 c5 8. dxc5
Bxc5 9. Qe2 Nc6 10. f4 O-O 11. a3 f6 12. exf6 Nxf6 13. Qb5 Bf2+ 14. Kd1 Qc7 15.
Qd3 e5 16. Nge2 e4 17. Qb5 Be6 18. Na4 a6 19. Qb3 b5 20. Nac3 Qd7 21. f5 Bf7
22. Nxb5 axb5 23. Bf4 d4 24. Qxb5 d3 25. cxd3 Ra5 0-1

[Event "European Championship (rapid) 2015"]
[Site "Minsk BLR"]
[Date "2015.12.19"]
[Round "3"]
[White "Gunina, Valentina"]
[Black "Trifonov, Denis"]
[Result "1-0"]
[WhiteElo "2502"]
[BlackElo "2198"]
[PlyCount "73"]
[EventDate "2015.12.19"]

1. d4 d5 2. c4 dxc4 3. Nf3 Nf6 4. e3 e6 5. Bxc4 c5 6. O-O a6 7. Qe2 b5 8. Bb3
Bb7 9. Rd1 Nc6 10. Nc3 Qc7 11. d5 exd5 12. Nxd5 Nxd5 13. Bxd5 Be7 14. a4 c4 15.
axb5 axb5 16. Rxa8+ Bxa8 17. b3 c3 18. Qxb5 O-O 19. Qc4 Bf6 20. Nd4 Rd8 21. Nb5
Qd7 22. Nxc3 Na5 23. Qd3 Qc8 24. Bb2 Nxb3 25. e4 Na5 26. h3 Qb8 27. Qe2 Bxd5
28. exd5 Re8 29. Qc2 Nc4 30. Ba1 Qf4 31. Ne2 Qe4 32. Qxe4 Rxe4 33. Ng3 Rf4 34.
d6 Bd8 35. Re1 Nxd6 36. Be5 Ba5 37. Ra1 1-0

[Event "European Championship (rapid) 2015"]
[Site "Minsk BLR"]
[Date "2015.12.19"]
[Round "5"]
[White "Burg, Brent"]
[Black "Gunina, Valentina"]
[Result "0-1"]
[WhiteElo "2230"]
[BlackElo "2502"]
[PlyCount "80"]
[EventDate "2015.12.19"]

1. c4 Nf6 2. g3 e6 3. Bg2 c5 4. Nf3 Be7 5. O-O O-O 6. Nc3 d6 7. b3 Nc6 8. Bb2
e5 9. Ne1 Bg4 10. Nc2 Qd7 11. Ne3 Bh5 12. Ncd5 Nxd5 13. Nxd5 Nd4 14. Nxe7+ Qxe7
15. f3 f5 16. e3 Ne6 17. Qc2 f4 18. exf4 exf4 19. Rae1 Rae8 20. Bh3 Qf7 21.
Bxe6 Rxe6 22. g4 Bg6 23. Qc3 Rfe8 24. Kf2 R8e7 25. a3 b6 26. b4 Kf8 27. b5 Kg8
28. a4 h6 29. a5 bxa5 30. h3 a4 31. Rg1 a3 32. Qxa3 Qe8 33. Rxe6 Rxe6 34. Qc3
Qe7 35. Rf1 Qh4+ 36. Kg1 Qg3+ 37. Kh1 Qxh3+ 38. Kg1 Qg3+ 39. Kh1 Re5 40. Ra1 h5
0-1

[Event "European Championship (rapid) 2015"]
[Site "Minsk BLR"]
[Date "2015.12.19"]
[Round "6"]
[White "Konenkin, Dmitry"]
[Black "Gunina, Valentina"]
[Result "0-1"]
[WhiteElo "2243"]
[BlackElo "2502"]
[PlyCount "66"]
[EventDate "2015.12.19"]

1. d4 d5 2. Nc3 Bf5 3. f3 e6 4. Bf4 Bb4 5. e3 Ne7 6. g4 Bg6 7. h4 h5 8. Bd3
hxg4 9. fxg4 c5 10. Nge2 Nbc6 11. Qd2 Bxd3 12. Qxd3 c4 13. Qd2 b5 14. a3 Ba5
15. Ng3 Ng6 16. h5 Nxf4 17. exf4 Qb6 18. Rd1 O-O-O 19. b4 cxb3 20. cxb3 Nxd4
21. Kf1 Nxb3 22. Qc2 Nd4 23. Rxd4 Qxd4 24. Nce2+ Qc4 25. Qb2 d4 26. Kg2 Kb7 27.
Rc1 Qd5+ 28. Kh2 d3 29. Rd1 Rc8 30. Kh3 f5 31. Qxg7+ Ka8 32. gxf5 Qf3 33. Nd4
Rxh5# 0-1

[Event "European Championship (rapid) 2015"]
[Site "Minsk BLR"]
[Date "2015.12.19"]
[Round "7"]
[White "Gunina, Valentina"]
[Black "Mamedov, Rauf"]
[Result "1/2-1/2"]
[WhiteElo "2502"]
[BlackElo "2650"]
[PlyCount "68"]
[EventDate "2015.12.19"]

1. d4 g6 2. c4 Bg7 3. e4 d6 4. Nc3 Nc6 5. Be3 e5 6. d5 Nce7 7. f3 f5 8. Qd2 Nf6
9. h3 O-O 10. O-O-O a6 11. g4 b5 12. cxb5 axb5 13. Bxb5 Bd7 14. Bc4 Qb8 15.
Nge2 Qb4 16. Bb3 fxe4 17. Nxe4 Qxd2+ 18. Kxd2 Ba4 19. Bc4 Bxd1 20. Rxd1 Rfb8
21. Kc2 Rb4 22. Nxf6+ Bxf6 23. Bb3 e4 24. Nc3 exf3 25. Rf1 h5 26. a3 Rb7 27.
Ne4 Be5 28. Bg5 Rxb3 29. Kxb3 Nxd5 30. Rxf3 hxg4 31. hxg4 Rb8+ 32. Kc4 Nb6+ 33.
Kb5 d5 34. Nc3 d4 1/2-1/2

[Event "European Championship (rapid) 2015"]
[Site "Minsk BLR"]
[Date "2015.12.20"]
[Round "9"]
[White "Kanter, Eduard"]
[Black "Gunina, Valentina"]
[Result "0-1"]
[WhiteElo "2353"]
[BlackElo "2502"]
[PlyCount "96"]
[EventDate "2015.12.19"]

1. d4 d5 2. c4 c6 3. Nf3 Nf6 4. Nc3 dxc4 5. a4 Bf5 6. Nh4 Bg4 7. h3 Bh5 8. g4
Bg6 9. Nxg6 hxg6 10. e3 e6 11. Bxc4 Bb4 12. Qf3 Nbd7 13. Kf1 Qe7 14. Kg2 Nh7
15. h4 O-O-O 16. a5 a6 17. Bd2 f5 18. g5 Ne5 19. dxe5 Rxd2 20. Rhd1 Rxb2 21.
Na4 Rc2 22. Bb3 Rd2 23. Rxd2 Bxd2 24. Nb6+ Kb8 25. Nc4 Bc3 26. Rd1 Ka7 27. e4
Bb4 28. exf5 gxf5 29. Qe3+ Bc5 30. Qd2 Nf8 31. Nd6 Ng6 32. f4 Nxh4+ 33. Kg3 Ng6
34. Qc3 Ba3 35. Bc4 Ka8 36. Qxa3 Nxf4 37. Kf2 Qxg5 38. Qg3 Nh3+ 39. Kg2 Qh5 40.
Rd2 g5 41. Nxb7 Nf4+ 42. Kf2 Kxb7 43. Rd7+ Kc8 44. Rg7 Qd1 45. Bxa6+ Kb8 46.
Rxg5 Qc2+ 47. Kg1 Nh3+ 48. Kf1 Nxg5 0-1

[Event "European Championship (rapid) 2015"]
[Site "Minsk BLR"]
[Date "2015.12.20"]
[Round "10"]
[White "Olhovik, Andrei"]
[Black "Gunina, Valentina"]
[Result "0-1"]
[WhiteElo "2308"]
[BlackElo "2502"]
[PlyCount "78"]
[EventDate "2015.12.19"]

1. d4 d5 2. c4 c6 3. Nf3 Nf6 4. e3 Bf5 5. Nc3 e6 6. Nh4 Bg6 7. Be2 Nbd7 8. Bd2
Bd6 9. Nxg6 hxg6 10. h3 Qe7 11. Qb3 Rb8 12. Qc2 O-O 13. O-O Rbc8 14. c5 Bc7 15.
f4 Ba5 16. Nb1 Bxd2 17. Nxd2 Nh7 18. Bd3 f5 19. b4 g5 20. Qd1 Ndf6 21. a4 g4
22. Be2 gxh3 23. gxh3 g5 24. Kh2 Kh8 25. Nf3 Ne4 26. Bd3 g4 27. Ne5 Rg8 28.
Bxe4 dxe4 29. hxg4 Qh4+ 30. Kg2 Rxg4+ 31. Nxg4 Rg8 32. Rf2 Rxg4+ 33. Kf1 Nf6
34. Ke2 Rg3 35. Kd2 Rxe3 36. Kxe3 Nd5+ 37. Ke2 Nc3+ 38. Ke1 Nxd1 39. Rxd1 e3
0-1

[Event "European Championship (rapid) 2015"]
[Site "Minsk BLR"]
[Date "2015.12.20"]
[Round "11"]
[White "Gunina, Valentina"]
[Black "Sakaev, Konstantin"]
[Result "0-1"]
[WhiteElo "2502"]
[BlackElo "2594"]
[PlyCount "68"]
[EventDate "2015.12.19"]

1. d4 d5 2. c4 c6 3. cxd5 cxd5 4. Bf4 Nc6 5. e3 Nf6 6. Nc3 Bg4 7. Qb3 Na5 8.
Qa4+ Bd7 9. Qd1 e6 10. Bd3 Be7 11. Nf3 Nh5 12. Be5 Nc6 13. O-O O-O 14. Ng5 Bxg5
15. Qxh5 g6 16. Qe2 Nxe5 17. dxe5 Rc8 18. Rac1 d4 19. Ne4 Rxc1 20. Rxc1 dxe3
21. fxe3 Bc6 22. Nd6 Qa5 23. Nc4 Qxa2 24. Qg4 Bh6 25. h4 b5 26. Nd2 Qxb2 27.
Rc2 Qxe5 28. Nf1 Bb7 29. Kh1 Rd8 30. Be2 a5 31. h5 b4 32. hxg6 hxg6 33. Qh4 Bg5
34. Qe1 Bxg2+ 0-1

[Event "Qatar Masters Open 2015"]
[Site "Doha QAT"]
[Date "2015.12.20"]
[Round "1"]
[White "Firat, Burak"]
[Black "Hou, Yifan"]
[Result "0-1"]
[WhiteElo "2446"]
[BlackElo "2683"]
[PlyCount "60"]
[EventDate "2015.12.20"]

1. e4 c5 2. Nf3 a6 3. c4 e6 4. Nc3 Qc7 5. d4 cxd4 6. Nxd4 Nf6 7. Be2 b6 8. O-O
Bb7 9. Qc2 Be7 10. Be3 d6 11. f4 O-O 12. a4 Nc6 13. Nxc6 Qxc6 14. b4 a5 15.
bxa5 Rxa5 16. Bf3 Nd7 17. Nb5 e5 18. f5 Rc8 19. Rfc1 h6 20. Qd1 Nc5 21. Nc3 Qc7
22. Rab1 Qd8 23. Rc2 Bc6 24. Rcb2 Nxa4 25. Nxa4 Rxa4 26. Rxb6 Rxc4 27. f6 Bxf6
28. Bg4 Bxe4 29. Bxc8 Bxb1 30. Ba6 Bg5 0-1

[Event "Qatar Masters Open 2015"]
[Site "Doha QAT"]
[Date "2015.12.20"]
[Round "1"]
[White "Dzagnidze, Nana"]
[Black "Tissir, Mohamed"]
[Result "0-1"]
[WhiteElo "2559"]
[BlackElo "2346"]
[PlyCount "106"]
[EventDate "2015.12.20"]

1. d4 Nf6 2. Nf3 g6 3. c4 Bg7 4. g3 O-O 5. Bg2 d6 6. O-O Nc6 7. Nc3 a6 8. Bf4
Rb8 9. Rc1 Bg4 10. d5 Na7 11. b4 Ra8 12. Nd4 Qd7 13. c5 Bh3 14. cxd6 cxd6 15.
Qd3 Bxg2 16. Kxg2 Rfc8 17. f3 h5 18. e4 h4 19. g4 Nb5 20. Ncxb5 axb5 21. a3
Rxc1 22. Rxc1 Nxg4 23. Qxb5 h3+ 24. Kg3 Qd8 25. Kxg4 Bxd4 26. Qxb7 Kg7 27. Kxh3
Qh8+ 28. Kg3 Bf6 29. Kg2 Rxa3 30. Qc8 Qh4 31. Bg3 Qg5 32. Rf1 Ra2+ 33. Rf2
Rxf2+ 34. Kxf2 Qd2+ 35. Kf1 Qd1+ 36. Kg2 Qe2+ 37. Kh3 Qxf3 38. b5 Qf1+ 39. Kg4
Qe2+ 40. Kh3 Qf1+ 41. Kg4 Qxb5 42. Qc2 Qd7+ 43. Kf3 Qh3 44. Qd3 Be5 45. Kf2 f6
46. Kg1 Kf7 47. Kf2 f5 48. Qf3 Bxg3+ 49. hxg3 Qh2+ 50. Kf1 Qc2 51. e5 dxe5 52.
d6 e4 53. Qa3 Qd1+ 0-1

[Event "Qatar Masters Open 2015"]
[Site "Doha QAT"]
[Date "2015.12.20"]
[Round "1"]
[White "Bivol, Alina"]
[Black "Kosteniuk, Alexandra"]
[Result "0-1"]
[WhiteElo "2344"]
[BlackElo "2542"]
[PlyCount "92"]
[EventDate "2015.12.20"]

1. Nf3 Nf6 2. g3 b6 3. Bg2 Bb7 4. O-O e6 5. c4 Be7 6. d4 O-O 7. d5 exd5 8. Nh4
c6 9. cxd5 Nxd5 10. Nf5 Nc7 11. Nc3 d5 12. e4 Bf6 13. exd5 cxd5 14. Bf4 Nba6
15. Rc1 Qd7 16. Bh3 Ne6 17. Nd6 Bc6 18. Re1 Nac5 19. b4 d4 20. Nb1 Nb7 21. Nxf7
Qd5 22. f3 Nxf4 23. gxf4 Rae8 24. Rxe8 Rxe8 25. b5 Qxb5 26. Bf1 Qa4 27. Qxa4
Bxa4 28. Ng5 Bxg5 29. fxg5 Nc5 30. Bc4+ Kf8 31. Nd2 Re3 32. Kf2 Rc3 33. Rg1 Rc2
34. Ke2 Bd7 35. Kd1 Rc3 36. Re1 Ba4+ 37. Ke2 b5 38. Bb3 Bxb3 39. axb3 Re3+ 40.
Kd1 a5 41. Rxe3 dxe3 42. Nf1 Nxb3 43. Nxe3 Nd4 44. f4 a4 45. f5 a3 46. Kc1 b4
0-1